[Event "Memorial I.Ermolaev (open)"]
[Site "masterchessopen.com - Irkutsk (Russia)"]
[Round "3"]
[White "Khipkhenov Igor (RUS)"]
[Black "Bobarykin Dmitry (RUS)"]
[Result "0-1"]
[WhiteElo "2060"]
[BlackElo "2246"]

1.g3 c5 2.Bg2 Nc6 3.c4 g6 4.Nc3 Bg7 5.Nf3 e5 6.O-O Nge7 7.d3 O-O 8.e3 d6 9.a3
Rb8 10.d4 exd4 11.exd4 cxd4 12.Nb5 Bg4 13.a4 a6 14.Na3 Ne5 15.Qb3 N7c6 16.Ng5
Be2 17.Re1 d3 18.Be3 Na5 19.Qb4 Nec6 20.Qd2 Nb3 {#R} 0-1

[Event "Tournament (open)"]
[Site "masterchessopen.com - Kstovo (Russia)"]
[Date "2010.09.05"]
[Round "2"]
[White "Rostokin Dmitry (RUS)"]
[Black "Platonova Lubov (LUB)"]
[Result "1-0"]
[WhiteElo "1930"]
[BlackElo "1901"]

1.c4 c5 2.Nc3 Nc6 3.Nf3 e5 4.g3 g6 5.Bg2 Bg7 6.O-O Nge7 7.a3 O-O 8.Rb1 f5 9.b4
d6 10.Na4 cxb4 11.axb4 h6 12.b5 Nb8 13.Bb2 Nd7 14.d4 e4 15.Nd2 d5 16.Qb3 Nf6
17.cxd5 Nexd5 18.Nc4 Kh7 19.Ne5 f4 20.Nc5 e3 21.fxe3 fxg3 22.hxg3 b6 23.Na6
Be6 24.Qd3 Ne7 25.Ba3 Nfd5 26.Rxf8 Qxf8 27.Nxg6 {#r} 1-0

[Event "Ch Finland (team) 2010/11 (1 Division)"]
[Site "masterchessopen.com - Finland"]
[Date "2010.09.19"]
[Round "2"]
[White "Kangas Mauno (FIN)"]
[Black "Valli Frans (FIN)"]
[Result "0-1"]
[WhiteElo "1906"]
[BlackElo "2199"]

1.Nf3 c5 2.c4 Nc6 3.Nc3 g6 4.g3 Bg7 5.Bg2 e5 6.e4 Nge7 7.O-O O-O 8.d3 d6 9.Be3
a6 10.Qd2 Rb8 11.Ne1 b5 12.b3 f5 13.f4 exf4 14.Bxf4 b4 {#R} 0-1

[Event "Ch Brazil (1/2 final)"]
[Site "masterchessopen.com - Recife (Brazil)"]
[Round "4"]
[White "Monte Edmar Ferreira (BRA)"]
[Black "Monteiro Cesidio (BRA)"]
[Result "0-1"]
[WhiteElo "1768"]
[BlackElo "2149"]

1.c4 c5 2.Nf3 g6 3.g3 Nc6 4.Bg2 Bg7 5.Nc3 e5 6.d3 Nge7 7.Bg5 h6 8.Be3 d6 9.O-O
O-O 10.Qc1 Kh7 11.Rb1 Rb8 12.a3 a5 13.Bd2 Be6 14.Ne4 b5 15.b3 Bg4 16.Be3 Qc7
17.Qc2 Bxf3 18.Bxf3 f5 19.Ng5+ hxg5 20.Bxg5 Nd4 21.Qd2 Nxf3+ 22.exf3 Nc6
23.Qd1 Nd4 24.f4 Qf7 25.Re1 Bf6 {#R} 0-1

[Event "Ch Slovakia (team) 2010/11 (1 liga) East"]
[Site "masterchessopen.com - Slovakia"]
[Date "2011.02.13"]
[Round "7"]
[White "Koval Maros (SVK)"]
[Black "Krak Tomas (SVK)"]
[Result "0-1"]
[WhiteElo "2094"]
[BlackElo "2282"]

1.Nf3 c5 2.g3 Nc6 3.Bg2 g6 4.c4 Bg7 5.Nc3 e5 6.d3 Nge7 7.e4 d6 8.h3 O-O 9.O-O
Rb8 10.Be3 Nd4 11.Nd5 Nxd5 12.cxd5 f5 13.Nxd4 cxd4 14.Bd2 f4 15.g4 Rf7 16.Bf3
Bf8 17.Kg2 Bd7 18.Qb3 h5 19.Rh1 Rc8 20.Rac1 Rxc1 21.Rxc1 hxg4 22.hxg4 Qg5
23.Qd1 Rh7 24.Kf1 Bxg4 25.Ke1 Rh3 26.Bb4 Bxf3 27.Qa4 Qg1+ {#R} 0-1

[Event "Ch Romania"]
[Site "masterchessopen.com - Sarata Monteoru (Romania)"]
[Date "2011.02.19"]
[Round "10"]
[White "Georgescu Tiberiu (ROM)"]
[Black "Domanyek Ernest (ROM)"]
[Result "1-0"]
[WhiteElo "2391"]
[BlackElo "2202"]

1.c4 g6 2.g3 Bg7 3.Bg2 c5 4.Nc3 Nc6 5.Nf3 e5 6.a3 Nge7 7.O-O d6 8.Rb1 Rb8 9.b4
b6 10.Ne1 O-O 11.Nc2 Be6 12.Ne3 Qd7 13.Ned5 Bh3 14.b5 {#r} 1-0

[Event "Memorial I.Bocharov (open)"]
[Site "masterchessopen.com - Borisoglebsk (Russia)"]
[Date "2011.04.03"]
[Round "6"]
[White "Pilkin Evgenii (RUS)"]
[Black "Skomorohov Grigorij (RUS)"]
[Result "0-1"]
[WhiteElo "2013"]
[BlackElo "2204"]

1.c4 c5 2.Nc3 Nc6 3.Nf3 g6 4.g3 Bg7 5.Bg2 e5 6.d3 Nge7 7.O-O O-O 8.a3 a6 9.Rb1
Rb8 10.Qc2 b5 11.cxb5 axb5 12.b4 cxb4 13.axb4 d5 14.e3 Qd6 15.Bd2 Be6 16.Rfc1
Qd7 17.e4 Rfc8 18.Qd1 g5 19.exd5 Nxd5 20.Nxd5 Bxd5 21.Be3 {#R} 0-1

[Event "It (open)"]
[Site "masterchessopen.com - Lenk (Switzerland)"]
[Date "2011.04.24"]
[Round "6"]
[White "Tellenbach Erwin (SUI)"]
[Black "Sommer Matthias (SUI)"]
[Result "1-0"]
[WhiteElo "1810"]
[BlackElo "1768"]

1.c4 c5 2.Nc3 Nc6 3.g3 g6 4.Bg2 Bg7 5.Nf3 e5 6.O-O Nge7 7.d3 O-O 8.Be3 d6
9.Qd2 Nf5 10.Nd5 Be6 11.Ne1 Nxe3 12.Nxe3 Rb8 13.Nd1 Qd7 14.e3 Bh3 15.f3 Bxg2
16.Qxg2 d5 17.cxd5 Qxd5 18.Nc3 Qxd3 19.Nxd3 {#r} 1-0

[Event "Ch Kosice"]
[Site "masterchessopen.com - Kosice (Czech Republic)"]
[Date "2011.06.26"]
[Round "2"]
[White "Harvan Richard (SVK)"]
[Black "Zambor Norbert (SVK)"]
[Result "0-1"]
[WhiteElo "1961"]
[BlackElo "2296"]

1.c4 c5 2.Nc3 Nc6 3.g3 g6 4.Bg2 Bg7 5.Nf3 e5 6.O-O Nge7 7.d3 O-O 8.Ne1 Rb8
9.Rb1 a6 10.Nc2 b5 11.cxb5 axb5 12.Be3 b4 13.Ne4 d6 14.f4 f5 15.Nd2 Be6 16.a3
Ba2 17.Ra1 b3 18.Qc1 Rc8 19.fxe5 Nd4 20.Bxd4 cxd4 21.exd6 Rxc2 22.dxe7 Qxe7
23.Bd5+ Kh8 24.Qd1 Qe3+ 25.Rf2 Rxd2 26.Qc1 Rc2 {#R} 0-1

[Event "It (open)"]
[Site "masterchessopen.com - Vaujany (France)"]
[Date "2011.07.19"]
[Round "6"]
[White "Pomarleanu Ana (ROM)"]
[Black "Szajbely Zsigmond (HUN)"]
[Result "1-0"]
[WhiteElo "1995"]
[BlackElo "2210"]

1.c4 c5 2.g3 g6 3.Bg2 Bg7 4.Nc3 Nc6 5.Nf3 e5 6.O-O Nge7 7.Nd5 d6 8.d3 O-O
9.Rb1 Be6 10.Nd2 f5 11.b4 cxb4 12.Nxb4 Qd7 13.Ba3 Rfd8 14.Nd5 Rab8 15.e3 {#r}
1-0

[Event "It (open)"]
[Site "masterchessopen.com - Roux (Belgium)"]
[Date "2011.07.30"]
[Round "1"]
[White "De Villers Mourad (BEL)"]
[Black "Tavernier Frank (BEL)"]
[Result "1-0"]
[WhiteElo "2132"]
[BlackElo "1718"]

1.c4 c5 2.g3 g6 3.Bg2 Bg7 4.Nc3 Nc6 5.Nf3 e5 6.O-O Nge7 7.d3 O-O 8.a3 d6 9.Rb1
a5 10.b3 Be6 11.Ng5 d5 12.cxd5 Bxd5 13.Nxd5 Nxd5 14.Bd2 Qd7 15.Qc1 b6 16.Qc4
Rfd8 17.Rfc1 h6 18.Ne4 Qg4 19.Nc3 Qxc4 20.bxc4 Nxc3 21.Bxc3 {#r} 1-0

[Event "It (open)"]
[Site "masterchessopen.com - Bad Godesberg (Germany)"]
[Round "9"]
[White "Jordans Ralph (GER)"]
[Black "Kopp Jan (GER)"]
[Result "0-1"]
[WhiteElo "1922"]
[BlackElo "2105"]

1.c4 c5 2.Nf3 g6 3.g3 Bg7 4.Bg2 Nc6 5.Nc3 e5 6.O-O Nge7 7.d3 O-O 8.Bg5 h6
9.Be3 d6 10.a3 f5 11.Qc1 g5 12.Rb1 f4 13.Bd2 g4 14.Ne1 Nd4 15.Qd1 f3 16.exf3
gxf3 17.Nxf3 Bg4 18.Nxd4 Bxd1 19.Ne6 Qc8 20.Nxf8 Bc2 21.Nd5 Kxf8 22.Rbc1 Bxd3
23.Rfe1 Nxd5 24.Bxd5 Qf5 25.Re3 e4 26.Bc3 Bd4 {#R} 0-1

[Event "Ch Europe (juniors) (under 16) (g)"]
[Site "masterchessopen.com - Albena (Bulgaria)"]
[Date "2011.09.18"]
[Round "7"]
[White "Durmaz A"]
[Black "Cazacu Gabriela (MDA)"]
[Result "0-1"]
[WhiteElo "1816"]
[BlackElo "1719"]

1.c4 e5 2.g3 c5 3.Bg2 Nc6 4.Nc3 g6 5.Nf3 Bg7 6.O-O Nge7 7.a3 O-O 8.Rb1 d6 9.b4
Rb8 10.bxc5 dxc5 11.Ne1 Be6 12.d3 Qd7 13.Nc2 Bh3 14.Ne3 Bxg2 15.Kxg2 f5
16.Ned5 Nxd5 17.Nxd5 Ne7 18.Nxe7+ Qxe7 19.Rb5 b6 20.Qb3 Qb7+ 21.f3 a6 {#R} 0-1

[Event "Ch Romania (team) (Divizion A)"]
[Site "masterchessopen.com - Slanic Moldova (Romania)"]
[Date "2011.10.06"]
[Round "6"]
[White "Bogdan Dan (ROM)"]
[Black "Sebe-Vodislav Razvan-Alexandru (ROM)"]
[Result "1-0"]
[WhiteElo "2367"]
[BlackElo "2323"]

1.c4 c5 2.Nf3 Nc6 3.g3 e5 4.Bg2 g6 5.Nc3 Bg7 6.O-O d6 7.a3 Nge7 8.Rb1 a5 9.Ne1
h5 10.h4 g5 11.Nf3 gxh4 12.Nxh4 Nf5 13.Nxf5 Bxf5 14.d3 h4 15.Nd5 Be6 16.b4
axb4 17.axb4 Bxd5 18.Bxd5 Nxb4 19.Bxb7 Ra7 20.Bg2 Bh6 21.Bxh6 Rxh6 22.Qd2 Qf6
23.Qe3 Rg6 24.Rxb4 {#r} 1-0

[Event "Ch City (w)"]
[Site "masterchessopen.com - Saratov (Russia)"]
[Date "2011.11.21"]
[Round "6"]
[White "Fedorova Tatiana (RUS)"]
[Black "Velichko Tatiana (RUS)"]
[Result "1-0"]
[WhiteElo "1932"]
[BlackElo "1856"]

1.c4 c5 2.Nc3 Nc6 3.g3 g6 4.Bg2 Bg7 5.Nf3 e5 6.O-O Nge7 7.d3 O-O 8.Be3 d6
9.Qc1 Bf5 10.Ng5 Bd7 11.Nge4 Bf5 12.Bh6 Bxe4 13.dxe4 Qb6 14.Bxg7 Qxb2 15.Qxb2
{#r} 1-0

[Event "Ch Kazakhstan (1/2 final)"]
[Site "masterchessopen.com - Pavlodar (Kazakhstan)"]
[Date "2012.02.28"]
[Round "8"]
[White "Nukin T (KAZ)"]
[Black "Pak Evgeniy (KAZ)"]
[Result "0-1"]
[WhiteElo "2195"]
[BlackElo "2328"]

1.Nf3 g6 2.g3 Bg7 3.Bg2 c5 4.c4 Nc6 5.Nc3 e5 6.e4 Nge7 7.O-O O-O 8.d3 d6 9.a3
h6 10.Ne1 f5 11.exf5 Bxf5 12.Nc2 Qd7 13.Ne3 Bh3 14.Bxh3 Qxh3 15.Qg4 Qxg4
16.Nxg4 Kh7 17.Ne3 Nd4 18.Ned5 Nxd5 19.Nxd5 b5 20.Rb1 bxc4 21.dxc4 Rab8 22.b4
cxb4 23.axb4 Rfc8 24.Ne3 h5 25.Kg2 Bh6 {#R} 0-1

[Event "It (open)"]
[Site "masterchessopen.com - Tabor (Czech Republic)"]
[Date "2012.07.29"]
[Round "1"]
[White "Vojacek Zdenek (CZE)"]
[Black "Michalek Jan (CZE)"]
[Result "0-1"]
[WhiteElo "1897"]
[BlackElo "2327"]

1.Nf3 g6 2.g3 Bg7 3.Bg2 c5 4.c4 Nc6 5.Nc3 e5 6.O-O Nge7 7.d3 O-O 8.Rb1 d6 9.a3
f5 10.Bd2 a5 11.Qc1 a4 12.Bh6 f4 13.Bxg7 Kxg7 14.Qc2 Nf5 15.Nb5 g5 16.g4 Nfd4
17.Nfxd4 exd4 18.h3 h5 19.f3 Qe7 20.Qd2 Na5 21.Rfd1 Be6 22.Qe1 d5 {#R} 0-1

[Event "It (open)"]
[Site "masterchessopen.com - Ranshofen (Austria)"]
[Date "2012.08.04"]
[Round "1"]
[White "Ager Josef (AUT)"]
[Black "Hera Imre Jr (HUN)"]
[Result "0-1"]
[WhiteElo "2170"]
[BlackElo "2568"]

1.Nf3 c5 2.c4 Nc6 3.g3 g6 4.Bg2 Bg7 5.Nc3 e5 6.O-O Nge7 7.Ne1 O-O 8.Rb1 d6
9.Nc2 Be6 10.Ne3 a6 11.a3 b5 12.d3 Rb8 13.Ned5 Qd7 14.Re1 Kh8 15.Bd2 Bg4
16.Nxe7 Nxe7 17.Qc1 Nc6 18.Bh6 Nd4 19.Bxg7+ Kxg7 20.f3 Bf5 21.b3 Qa7 22.Qd2 b4
23.Na2 bxa3 24.Qc3 a5 25.f4 a4 {#R} 0-1

[Event "It (open)"]
[Site "masterchessopen.com - Dresden (Germany)"]
[Date "2012.08.19"]
[Round "2"]
[White "Hoffmann Paul (GER)"]
[Black "Pogan Nikolas (GER)"]
[Result "1-0"]
[WhiteElo "2384"]
[BlackElo "2205"]

1.c4 c5 2.Nc3 Nc6 3.g3 g6 4.Bg2 Bg7 5.Nf3 e5 6.d3 Nge7 7.O-O O-O 8.Ne1 d6
9.Nc2 Be6 10.Ne3 Rb8 11.Ned5 a6 12.a4 a5 13.Bg5 f6 14.Bd2 Nb4 15.f4 Nexd5
16.cxd5 Bd7 17.Qb3 b6 18.fxe5 dxe5 19.Ne4 Na6 20.Qc4 Nc7 21.Nxc5 bxc5 22.Bxa5
Kh8 23.d6 Rxb2 24.dxc7 Qe8 25.Qc1 Rb3 26.Bd5 Be6 27.Qc4 {#r} 1-0